Learning curve (Record no. 117531)

MARC details
000 -LEADER
fixed length control field 01038cam a2200241 4500
001 - CONTROL NUMBER
control field ABS67894
008 - FIXED-LENGTH DATA ELEMENTS--GENERAL INFORMATION
fixed length control field 040617n2004 000 0 eng u
035 ## - SYSTEM CONTROL NUMBER
System control number (Sirsi) u126496
100 ## - MAIN ENTRY--PERSONAL NAME
Personal name Cole, M.
245 ## - TITLE STATEMENT
Title Learning curve
260 ## - PUBLICATION, DISTRIBUTION, ETC.
Date of publication, distribution, etc. 2004
490 ## - SERIES STATEMENT
Series statement New Civil Engineer
Volume/sequential designation 27 May 2004, 28-3(2)
520 ## - SUMMARY, ETC.
Summary, etc. Spotlight on how the Concrete Centre is handling its role as an educator and promoter of concrete technologies. The centre has adopted and developed CALcrete, a computer aided learning package that covers major aspects of concrete materials, design and construction. Introductory modules are available online at www.concretecentre.com.
590 ## - LOCAL NOTE (RLIN)
Local note ABS
590 ## - LOCAL NOTE (RLIN)
Local note ABS
650 ## - SUBJECT ADDED ENTRY--TOPICAL TERM
Topical term or geographic name entry element CONCRETE
650 ## - SUBJECT ADDED ENTRY--TOPICAL TERM
Topical term or geographic name entry element CONCRETE CONSTRUCTION
650 ## - SUBJECT ADDED ENTRY--TOPICAL TERM
Topical term or geographic name entry element EDUCATION AND TRAINING
690 ## - LOCAL SUBJECT ADDED ENTRY--TOPICAL TERM (OCLC, RLIN)
Topical term or geographic name as entry element BUILDING AND CONSTRUCTION-MATERIALS AND PRODUCTS
856 ## - ELECTRONIC LOCATION AND ACCESS
Uniform Resource Identifier <a href="htp://www.concretecentre.com">htp://www.concretecentre.com</a>
Public note View the Concrete Centre website...
856 ## - ELECTRONIC LOCATION AND ACCESS
Uniform Resource Identifier <a href="htp://www.concretecentre.com">htp://www.concretecentre.com</a>
Public note View the Concrete Centre website...
942 ## - ADDED ENTRY ELEMENTS (KOHA)
Suppress in OPAC 0
Holdings
Withdrawn status Lost status Source of classification or shelving scheme Damaged status Not for loan Home library Current library Shelving location Date acquired Total Checkouts Full call number Barcode Date last seen Copy number Price effective from Koha item type
    Dewey Decimal Classification     London London Journal article 17/06/2004   ABS67894 126496-1001 06/08/2019 1 06/08/2019 Journal article